Les équipes types de Ligue 1 (1987-2024) - Statistiques

Statistiques générales
  • Ce quiz a été pris 250 fois
  • Le résultat moyen est 125 sur 319
Statistiques - réponses
Année Poste Joueur Club % Correct
1997 MIL Ibrahim Ba G.Bordeaux
89%
2017 ATT Kylian Mbappé AS Monaco
88%
2018 ATT Kylian Mbappé Paris SG
88%
2019 ATT Kylian Mbappé Paris SG
88%
2021 ATT Kylian Mbappé Paris SG
88%
2022 ATT Kylian Mbappé Paris SG
88%
2023 ATT Kylian Mbappé Paris SG
88%
2024 ATT Kylian Mbappé Paris SG
88%
2022 G Gianluigi Donnarumma Paris SG
85%
2024 G Gianluigi Donnarumma Paris SG
85%
2008 G Steve Mandanda O.Marseille
83%
2011 G Steve Mandanda O.Marseille
83%
2015 G Steve Mandanda O.Marseille
83%
2016 G Steve Mandanda O.Marseille
83%
2018 G Steve Mandanda O.Marseille
83%
2013 ATT Zlatan Ibrahimović Paris SG
82%
2014 ATT Zlatan Ibrahimović Paris SG
82%
2015 ATT Zlatan Ibrahimović Paris SG
82%
2016 ATT Zlatan Ibrahimović Paris SG
82%
2018 DEF Marquinhos Paris SG
81%
2019 DEF Marquinhos Paris SG
81%
2021 DEF Marquinhos Paris SG
81%
2022 DEF Marquinhos Paris SG
81%
2024 DEF Marquinhos Paris SG
81%
2018 ATT Neymar Paris SG
80%
2019 ATT Neymar Paris SG
80%
2021 ATT Neymar Paris SG
80%
2014 MIL Alexandre Lacazette O.lyonnais
78%
2015 ATT Alexandre Lacazette O.lyonnais
78%
2017 ATT Alexandre Lacazette O.lyonnais
78%
2013 DEF Thiago Silva Paris SG
78%
2014 DEF Thiago Silva Paris SG
78%
2015 DEF Thiago Silva Paris SG
78%
2016 DEF Thiago Silva Paris SG
78%
2017 DEF Thiago Silva Paris SG
78%
2018 DEF Thiago Silva Paris SG
78%
2019 DEF Thiago Silva Paris SG
78%
2014 ATT Edinson Cavani Paris SG
76%
2017 ATT Edinson Cavani Paris SG
76%
2018 ATT Edinson Cavani Paris SG
76%
2017 MIL Bernardo Silva AS Monaco
75%
2024 ATT Ousmane Dembélé Paris SG
75%
2013 MIL Marco Verratti Paris SG
74%
2014 MIL Marco Verratti Paris SG
74%
2015 MIL Marco Verratti Paris SG
74%
2016 MIL Marco Verratti Paris SG
74%
2017 MIL Marco Verratti Paris SG
74%
2018 MIL Marco Verratti Paris SG
74%
2019 MIL Marco Verratti Paris SG
74%
2023 DEF Achraf Hakimi Paris SG
72%
2024 DEF Achraf Hakimi Paris SG
72%
2023 ATT Lionel Messi Paris SG
72%
2013 ATT Pierre-Emerick Aubameyang ASSE
70%
2024 ATT Pierre-Emerick Aubameyang O.Marseille
70%
2024 MIL Vitinha Paris SG
70%
2023 G Brice Samba RC Lens
69%
2012 ATT Olivier Giroud Montpellier HSC
69%
2013 G Salvatore Sirigu Paris SG
67%
2014 G Salvatore Sirigu Paris SG
67%
2009 G Hugo Lloris O.lyonnais
64%
2010 G Hugo Lloris O.lyonnais
64%
2012 G Hugo Lloris O.lyonnais
64%
2022 DEF Nuno Mendes Paris SG
64%
2023 DEF Nuno Mendes Paris SG
64%
2009 MIL Yoann Gourcuff G.Bordeaux
63%
2010 MIL Yoann Gourcuff G.Bordeaux
63%
1997 G Fabien Barthez AS Monaco
62%
1998 G Fabien Barthez AS Monaco
62%
1999 G Fabien Barthez AS Monaco
62%
2000 G Fabien Barthez AS Monaco
62%
2003 G Grégory Coupet O.lyonnais
62%
2004 G Grégory Coupet O.lyonnais
62%
2005 G Grégory Coupet O.lyonnais
62%
2006 G Grégory Coupet O.lyonnais
62%
2021 G Keylor Navas Paris SG
62%
2022 ATT Wissam Ben Yedder AS Monaco
62%
2008 ATT Karim Benzema O.lyonnais
60%
2013 MIL Blaise Matuidi Paris SG
59%
2016 MIL Blaise Matuidi Paris SG
59%
2013 MIL Dimitri Payet Lille OSC
59%
2015 MIL Dimitri Payet O.Marseille
59%
2022 MIL Dimitri Payet O.Marseille
59%
2022 MIL Seko Fofana RC Lens
59%
2023 MIL Seko Fofana RC Lens
59%
2010 MIL Eden Hazard Lille OSC
58%
2011 MIL Eden Hazard Lille OSC
58%
2012 MIL Eden Hazard Lille OSC
58%
2016 ATT Ángel Di María Paris SG
57%
2019 MIL Ángel Di María Paris SG
57%
2004 MIL Juninho O.lyonnais
57%
2005 MIL Juninho O.lyonnais
57%
2006 MIL Juninho O.lyonnais
57%
2015 ATT Nabil Fekir O.lyonnais
57%
2018 MIL Nabil Fekir O.lyonnais
57%
2010 ATT Lisandro López O.lyonnais
55%
2015 DEF David Luiz Paris SG
54%
2016 DEF David Luiz Paris SG
54%
2023 MIL Khéphren Thuram OGC Nice
54%
2013 DEF Maxwell Paris SG
54%
2015 DEF Maxwell Paris SG
54%
2016 DEF Maxwell Paris SG
54%
2019 G Mike Maignan Lille OSC
54%
2009 ATT André-Pierre Gignac Toulouse FC
53%
2004 DEF Bernard Mendy Paris SG
52%
2018 DEF Ferland Mendy O.lyonnais
52%
2019 DEF Ferland Mendy O.lyonnais
52%
2016 ATT Hatem Ben Arfa OGC Nice
52%
2017 DEF Benjamin Mendy AS Monaco
51%
2023 ATT Loïs Openda RC Lens
51%
2014 MIL Thiago Motta Paris SG
51%
1988 ATT Jean-Pierre Papin O.Marseille
50%
2017 G Danijel Subašić AS Monaco
49%
2002 ATT Djibril Cissé AJ Auxerre
49%
2005 DEF Cris O.lyonnais
48%
2006 DEF Cris O.lyonnais
48%
2007 DEF Cris O.lyonnais
48%
2001 ATT Pauleta G.Bordeaux
48%
2002 ATT Pauleta G.Bordeaux
48%
2003 ATT Pauleta G.Bordeaux
48%
2006 ATT Pauleta Paris SG
48%
2024 MIL Pierre Lees-Melou Stade brestois 29
48%
2021 DEF Jonathan Clauss RC Lens
46%
2022 DEF Jonathan Clauss RC Lens
46%
2024 MIL Warren Zaïre-Emery Paris SG
46%
2017 DEF Djibril Sidibé AS Monaco
45%
2016 MIL Lassana Diarra O.Marseille
45%
1998 DEF Laurent Blanc O.Marseille
45%
1999 DEF Laurent Blanc O.Marseille
45%
2006 MIL Mahamadou Diarra O.lyonnais
45%
2015 MIL Javier Pastore Paris SG
44%
2024 DEF Leny Yoro Lille OSC
44%
2008 ATT Mamadou Niang O.Marseille
44%
2010 ATT Mamadou Niang O.Marseille
44%
2017 DEF Kamil Glik AS Monaco
43%
2022 ATT Martin Terrier Stade rennais
42%
2021 DEF Presnel Kimpembe Paris SG
42%
2011 ATT Moussa Sow Lille OSC
41%
2014 DEF Serge Aurier Toulouse FC
41%
2016 DEF Serge Aurier Paris SG
41%
2011 ATT Kevin Gameiro FC Lorient
40%
2021 ATT Memphis Depay O.lyonnais
39%
2011 DEF Adil Rami Lille OSC
38%
2013 DEF Christophe Jallet Paris SG
38%
2015 DEF Christophe Jallet O.lyonnais
38%
2006 MIL Franck Ribéry O.Marseille
38%
1999 ATT Sylvain Wiltord G.Bordeaux
38%
2005 ATT Sylvain Wiltord O.lyonnais
38%
2006 ATT Sylvain Wiltord O.lyonnais
38%
2012 MIL Younès Belhanda Montpellier HSC
38%
2004 ATT Didier Drogba O.Marseille
37%
2019 DEF Kenny Lala RC Strasbourg
37%
2023 DEF Kevin Danso RC Lens
37%
2014 DEF Loïc Perrin ASSE
37%
2000 ATT Ludovic Giuly AS Monaco
37%
2003 MIL Ludovic Giuly AS Monaco
37%
2004 MIL Ludovic Giuly AS Monaco
37%
2023 MIL Valentin Rongier O.Marseille
37%
2003 MIL Jérôme Rothen AS Monaco
36%
2003 MIL Michael Essien SC Bastia
36%
2005 MIL Michael Essien O.lyonnais
36%
2011 MIL Nenê Paris SG
36%
2012 MIL Nenê Paris SG
36%
2007 MIL Samir Nasri O.Marseille
36%
2007 DEF Vitorino Hilton RC Lens
36%
2008 DEF Vitorino Hilton RC Lens
36%
2009 DEF Vitorino Hilton O.Marseille
36%
2012 DEF Vitorino Hilton Montpellier HSC
36%
2011 DEF Anthony Réveillère O.lyonnais
35%
2024 DEF Bradley Locko Stade brestois 29
35%
2023 DEF Chancel Mbemba O.Marseille
34%
2009 DEF Souleymane Diawara G.Bordeaux
34%
2010 DEF Souleymane Diawara O.Marseille
34%
2021 MIL Aurélien Tchouaméni AS Monaco
33%
2022 MIL Aurélien Tchouaméni AS Monaco
33%
2021 MIL Benjamin André Lille OSC
33%
2014 DEF Layvin Kurzawa AS Monaco
33%
2008 MIL Mathieu Valbuena O.Marseille
33%
2013 MIL Mathieu Valbuena O.Marseille
33%
2019 ATT Nicolas Pépé Lille OSC
33%
1998 MIL Robert Pirès FC Metz
33%
1997 ATT Sonny Anderson AS Monaco
33%
2000 ATT Sonny Anderson O.lyonnais
33%
2001 ATT Sonny Anderson O.lyonnais
33%
2022 DEF William Saliba O.Marseille
33%
2018 DEF Dani Alves Paris SG
32%
2005 MIL Florent Malouda O.lyonnais
32%
2006 MIL Florent Malouda O.lyonnais
32%
2007 MIL Florent Malouda O.lyonnais
32%
2009 ATT Guillaume Hoarau Paris SG
32%
2002 MIL Ronaldinho Paris SG
32%
2014 MIL James Rodríguez AS Monaco
31%
2002 DEF Gabriel Heinze Paris SG
30%
2004 DEF Patrice Évra AS Monaco
30%
1998 ATT Stéphane Guivarc'h AJ Auxerre
30%
2008 DEF Taye Taiwo O.Marseille
30%
2009 DEF Taye Taiwo O.Marseille
30%
2011 DEF Taye Taiwo O.Marseille
30%
2002 G Ulrich Ramé G.Bordeaux
30%
2010 ATT Marouane Chamakh G.Bordeaux
29%
2002 DEF Philippe Mexès AJ Auxerre
29%
2003 DEF Philippe Mexès AJ Auxerre
29%
2003 MIL Benoît Pedretti FC Sochaux
28%
2004 MIL Benoît Pedretti FC Sochaux
28%
2012 MIL Rio Mavuba Lille OSC
28%
1987 MIL Alain Giresse O.Marseille
27%
2005 DEF Éric Abidal O.lyonnais
27%
2006 DEF Éric Abidal O.lyonnais
27%
2007 DEF Éric Abidal O.lyonnais
27%
2005 ATT Alexander Frei Stade rennais
26%
2004 ATT Fernando Morientes AS Monaco
26%
2008 MIL Benoît Cheyrou O.Marseille
25%
2009 MIL Benoît Cheyrou O.Marseille
25%
2010 MIL Benoît Cheyrou O.Marseille
25%
2010 DEF Benoît Trémoulinas G.Bordeaux
25%
2001 MIL Éric Carrière FC Nantes
25%
2008 MIL Jérémy Toulalan O.lyonnais
25%
2007 ATT Steve Savidan Valenciennes FC
25%
2011 DEF Mamadou Sakho Paris SG
24%
2012 DEF Mathieu Debuchy Lille OSC
24%
2009 DEF Rod Fanni Stade rennais
24%
2010 DEF Rod Fanni Stade rennais
24%
2007 G Teddy Richert FC Sochaux
24%
1988 G Joël Bats Paris SG
23%
1997 DEF Emmanuel Petit AS Monaco
22%
2003 ATT Shabani Nonda AS Monaco
22%
1987 MIL Jean Tigana G.Bordeaux
21%
1988 MIL Jean Tigana G.Bordeaux
21%
2018 MIL Luiz Gustavo O.Marseille
21%
2010 DEF Michaël Ciani G.Bordeaux
21%
2005 DEF Gaël Givet AS Monaco
20%
2012 DEF Henri Bedimo Montpellier HSC
20%
2017 MIL Jean Michaël Seri OGC Nice
20%
1999 ATT Lilian Laslandes G.Bordeaux
20%
2009 MIL Michel Bastos Lille OSC
20%
1998 ATT Marco Simone Paris SG
19%
2000 ATT Marco Simone AS Monaco
19%
2019 MIL Tanguy Ndombele O.lyonnais
19%
2011 MIL Gervinho Lille OSC
18%
2007 ATT Johan Elmander Toulouse FC
18%
2021 MIL Lucas Paquetá O.lyonnais
18%
2004 DEF Sébastien Squillaci AS Monaco
18%
1988 DEF Alain Roche G.Bordeaux
17%
1998 MIL Johan Micoud G.Bordeaux
17%
1999 MIL Johan Micoud G.Bordeaux
17%
2012 DEF Nicolas Nkoulou O.Marseille
17%
2013 DEF Nicolas Nkoulou O.Marseille
17%
2007 DEF Bacary Sagna AJ Auxerre
16%
2001 G Lionel Letizi Paris SG
16%
1987 DEF Manuel Amoros AS Monaco
16%
1988 DEF Manuel Amoros AS Monaco
16%
2004 DEF Mario Yepes FC Nantes
16%
2006 DEF Mario Yepes Paris SG
16%
2008 DEF Sébastien Puygrenier AS Nancy
16%
2008 MIL Wendel G.Bordeaux
16%
2005 DEF Habib Beye O.Marseille
14%
2008 DEF Laurent Bonnart O.Marseille
14%
1997 MIL Ali Benarbia AS Monaco
13%
1999 MIL Ali Benarbia G.Bordeaux
13%
2012 MIL Étienne Capoue Toulouse FC
13%
2000 MIL Marcelo Gallardo AS Monaco
13%
2003 DEF Daniel Van Buyten O.Marseille
12%
2001 DEF Edmílson O.lyonnais
12%
2007 MIL Kader Keita Lille OSC
12%
2004 MIL Lucas Bernardi AS Monaco
12%
2007 MIL Seydou Keita RC Lens
12%
2011 MIL Yann M'Vila Stade rennais
11%
1998 DEF Manuel Dos Santos Montpellier HSC
10%
1999 DEF Manuel Dos Santos Montpellier HSC
10%
2003 DEF Manuel Dos Santos O.Marseille
10%
1999 MIL Vikash Dhorasoo O.lyonnais
10%
1987 G Joseph-Antoine Bell O.Marseille
9%
2021 DEF Reinildo Mandava Lille OSC
9%
1998 MIL Stéphane Ziani RC Lens
9%
1998 DEF Éric Sikora RC Lens
8%
1998 MIL Martin Djetou AS Monaco
8%
2005 MIL Bonaventure Kalou AJ Auxerre
7%
2006 DEF David Jemmali G.Bordeaux
7%
2001 MIL Olivier Quint CS Sedan-Ardennes
7%
2001 MIL Philippe Violeau O.lyonnais
7%
1998 DEF Rigobert Song FC Metz
7%
2000 MIL Sabri Lamouchi AS Monaco
7%
1988 MIL Daniel Bravo OGC Nice
5%
1997 MIL Japhet N'Doram FC Nantes
5%
2000 DEF Jérôme Bonnissel G.Bordeaux
5%
2001 DEF Jérôme Bonnissel G.Bordeaux
5%
1999 MIL Michel Pavon G.Bordeaux
5%
2000 MIL Michel Pavon G.Bordeaux
5%
1999 DEF Néstor Fabbri FC Nantes
5%
2000 DEF Rafael Márquez AS Monaco
5%
2009 MIL Stéphane Sessègnon Paris SG
5%
2002 DEF David Sommeil G.Bordeaux
4%
1988 MIL Jean-Marc Ferreri G.Bordeaux
4%
2003 DEF Johan Radet AJ Auxerre
4%
2002 MIL Mikel Arteta Paris SG
4%
2001 DEF Pascal Cygan Lille OSC
4%
1987 ATT Bernard Zénier FC Metz
3%
1987 DEF Jean-Christophe Thouvenel G.Bordeaux
3%
1988 DEF Jean-Christophe Thouvenel G.Bordeaux
3%
1988 ATT Christian Perez Montpellier HSC
2%
1987 DEF Karl-Heinz Förster O.Marseille
2%
1988 DEF Karl-Heinz Förster O.Marseille
2%
1999 DEF Patrice Carteron O.lyonnais
2%
2000 DEF Patrice Carteron O.lyonnais
2%
2002 DEF Stéphane Pichot Lille OSC
2%
2000 DEF Éric Rabésandratana Paris SG
1%
1997 DEF Franck Dumas AS Monaco
1%
1997 DEF Franck Silvestre AJ Auxerre
1%
2001 DEF François Grenet G.Bordeaux
1%
1987 ATT Gérard Buscher Brest AFC
1%
1988 ATT Glenn Hoddle AS Monaco
1%
2002 MIL Jocelyn Blanchard RC Lens
1%
2001 MIL Mathieu Berson FC Nantes
1%
1987 DEF Patrick Battiston G.Bordeaux
1%
2002 MIL Stéphane Pédron RC Lens
1%
1997 MIL Sylvain Legwinski AS Monaco
1%
1987 ATT Carmelo Micciche FC Metz
0%
1997 ATT David Zitelli RC Strasbourg
0%
1987 MIL Fabrice Poullain Paris SG
0%
1997 DEF Patrick Blondeau AS Monaco
0%
Aucun quiz correspondant
Distribution des résultats
% des personnes avec chaque résultat
Percentile par nombre de réponses
Votre historique - résultats
Vous n’avez pas pris ce quiz